ALL HARRY POTTER CHARACTERS - Statistics

General Stats
  • This quiz has been taken 50 times
  • The average score is 30 of 355
Answer Stats
Last Name/Hint First Name % Correct
Abbot Hannah
88%
A dragon Norbert(a)
82%
Bell Katie
62%
An acromantula Aragog
59%
Potter (2nd Gen.) Albus SeverusLily Luna James Sirius
53%
Black AlphardAndromeda Walburga Regulus Sirius
53%
A pigmy Puff | Peasegood Arnold
50%
Bagshot Bathilda
50%
Clearwater Penelope
44%
The Slytherin ghost Bloody Baron
41%
A hippogriff Buckbeak
41%
Bagnold | Bulstrode Millicent
41%
Bones AmeliaEdgar
Susan
38%
Weasley ArthurBill Charlie Fred George Ginny Molly Percy Ron
38%
A centaur Bane
35%
Bode Broderick
35%
Chang Cho
35%
Abercromie Euan
35%
A centaur Firenze
35%
(Last Name Only) Florence
35%
Brown Lavender
35%
Cattermole MaisieEllie Alfred Mary Reg
35%
Belby | Flint Marcus
35%
Benson Amy
32%
Burbage Charity
32%
Binns | Mockridge Cuthbert
32%
Thomas Dean
32%
Bryce Frank
32%
Boot Terry
32%
Crabbe Vincent
32%
Carrow AlectoAmycus
29%
A cat Crookshanks
29%
Macmillan | McMillan | Prang Ernie
29%
Longbottom AlgieAlice Augusta Enid Frank Neville
26%
Creevey ColinDennis
26%
(First Name Only) Dennis
26%
Corner Michael
26%
Davies Roger
26%
Diggory AmosCedric
24%
(First Name Only), Percy Weasley's\wife Audrey
24%
Finch-Fletchley Justin
24%
Lovegood LunaXenophilius
24%
Lupin RemusTeddy
24%
Cresswell Dirk
21%
Tonks Andromeda NymphadoraTed
21%
A house-elf Dobby
21%
Lockhart Gilderoy
21%
A Muggle news reporter Ted
21%
Filch Argus
18%
Lestrange BellatrixRabastan Rodolphus
18%
A goblin Griphook
18%
Potter HarryLily James
18%
Granger Hermione
18%
Dorkins Mary
18%
McGonagall Minerva
18%
Finnigan Seamus
18%
A portrait Sir Cadogan
18%
Hippogriff's Alias Witherwings
18%
Malfoy DracoLucius Narcissa
15%
Dursley DudleyMarjorie Petunia Vernon
15%
A pheonix Fawkes
15%
Crouch GrandfatherBartemius Jr Bartemius Sr
15%
An owl Hedwig
15%
A ghost Moaning Myrtle
15%
A poltergist Peeves
15%
Coote Ritchie
15%
A centaur Ronan
15%
Spinnet Alicia
12%
Bott Bertie
12%
Diggle Dedalus
12%
Doge Elphias
12%
Flitwick Filius
12%
Marchbanks Griselda
12%
(First Name Only) Leanne
12%
(Last Name Only) Mosag
12%
Parkinson Pansy
12%
Pettigrew Peter
12%
Leaky Cauldron bartender Tom
12%
Riddle TomTom Sr
12%
Pucey Adrian
9%
Lynch Aidan
9%
Moody Alastor
9%
Dolohov Antonin
9%
Figg Arabella
9%
Dippet Armando
9%
(Last Name Only) Avery SrAvery Jr
9%
Ryan Barry
9%
Fudge Cornelius
9%
Midgen Eloise
9%
Goyle Gregory
9%
Shacklebolt Kingsley
9%
A house-elf Kreacher
9%
Edgecombe MadamMarietta
9%
(Last Name Only) Moon
9%
de Mimsey-Porpington Nicholas
9%
Wood Oliver
9%
Maxime Olympe
9%
Hagrid Rubeus
9%
Malfoy (2nd Gen.) Scorpius
9%
Shunpike Stan
9%
Ackerley Stewart
9%
Boardman Stubby
9%
A ghost The Fat Friar
9%
A house-elf Winky
9%
Johnson Angelina
6%
Zabini Blaise
6%
A goblin Bogrod
6%
Robins Demelza
6%
Umbridge Dolores
6%
Meadows Dorcas
6%
Crockford | Purkiss Doris
6%
A dog Fang
6%
Fortescue Florean
6%
A house-elf Hokey
6%
Slughorn Horace
6%
McGuffin Jim
6%
Peakes Jimmy
6%
Jordan Lee
6%
Malkin | Marsh Madam
6%
Baddock Malcolm
6%
Evans Mark
6%
McKinnon Marlene
6%
Bletchley Miles
6%
Lupin's alias Moony
6%
le Fey Morgan
6%
Fletcher Mundungus
6%
McDonald Natalie
6%
Sirius' alias Padfoot
6%
An owl Pigwidgeon
6%
Sprout Pomona
6%
Pomfrey Poppy
6%
James' alias Prongs
6%
A dog Ripper
6%
Trelawney Sibyll
6%
Podmore Sturgis
6%
Peter's alias Wormtail
6%
(Last Name Only) Yaxley
6%
Dumbledore AberforthAlbus Percival Wulfric Brian Ariana Kendra Percival
3%
(Last Name Only) Agrippa
3%
Runcorn Albert
3%
Goldstein Anthony
3%
Peverell AntiochCadmus Ignotus
3%
Alderton | Philpott Arkie
3%
Jorkins Bertha
3%
Stubbs Billy
3%
Ogden BobTiberius
3%
Burke Caractacus
3%
Dearborn Caradoc
3%
McLaggan Cormac
3%
Harry's alias during Bill and Fleur'swedding Cousin Barny
3%
(Last Name Only) Crabbe
3%
An owl emporium Eeylop's
3%
Prince Eileen
3%
Smeek Enid
3%
Munch | Whalley Eric
3%
An owl Errol
3%
Rosier Evan
3%
Greyback Fenrir
3%
Merrythought Galatea
3%
Ollivander Garrick
3%
Grindelwald Gellert
3%
Gryffindor Godric
3%
(Last Name Only) Goyle
3%
(Last Name Only) Gregorovitch
3%
Hufflepuff Helga
3%
An owl Hermes
3%
Karkaroff Igor
3%
Madley Laura
3%
Bagman LudoOtto
3%
Brocklehurst Mandy
3%
(Last Name Only) Margorian
3%
Bobbin Melinda
3%
Mason MrMrs
3%
A cat Mrs Norris
3%
Ron's Aunt ______ Muriel
3%
Patil PadmaParvati
3%
Percy's alias Perkins
3%
Bonaccord Pierre
3%
(Last Name Only) Roberts
3%
Vane Romilda
3%
Bungs Rosalind
3%
Scrimgeour Rufus
3%
Perks Sally-Anne
3%
Peter's other alias Scabbers
3%
Snape SeverusTobias
3%
Delane-Podmore Sir Patrick
3%
Nott Theodore
3%
Rowle Thorfinn
3%
Krum Viktor
3%
Lord _________ Voldemort
3%
Timms Agatha
0%
Grunnion Alberic
0%
Waffling Aldabert
0%
Flume Ambrosius
0%
Kirke Andrew
0%
Meliflua Araminta
0%
(Last Name Only) Archie
0%
Jigger Arsenius
0%
Failed to remove the portrait fromthe Muggle Prime Minister's Office Art Historian
0%
Greengrass AstoriaDaphne
0%
Pye | Rookwood Augustus
0%
Elladora Aunt
0%
Cuffe Barnabas
0%
A portrait Barnabas the Barmy
0%
(Last Name Only) Barrufio
0%
(Last Name Only) Basil
0%
Fenwick Benjy
0%
Pillsworth Bernie
0%
Higgs BertieTerrence
0%
Aubrey Bertram
0%
Braithwaite Betty
0%
(Last Name Only) Bole
0%
(Last Name Only) Borgin
0%
A budgie Bungy
0%
(Last Name Only) Cadwallader
0%
Vablatsky Cassandra
0%
(First Name Only) Cecilia
0%
Warbeck Celectina
0%
Failed to remove the portrait fromthe Muggle Prime Minister's Office Chancellor of the Exchequer
0%
Harkiss Ciceron
0%
(Last Name Only) Circe
0%
(Last Name Only) Cliodna
0%
(Last Name Only) Cole
0%
Fubster Colonel
0%
(Last Name Only) Connolly
0%
(Last Name Only) Croaker
0%
(Last Name Only) Damocles
0%
(Last Name Only) Dawlish
0%
(Last Name Only) Derrick
0%
Derwent Dilys
0%
(Last Name Only) Dimitrov
0%
Weasley (2nd Gen.) DominiqueFred II Hugo Louis Lucy Molly II Rose Roxanne Victoire
0%
(First Name Only) Dot
0%
Worple Eldred
0%
Branstone Eleanor
0%
Grogg Elfida
0%
Switch | Title is ______ the Evil Emeric
0%
Dobbs Emma
0%
Vance Emmeline
0%
(Last Name Only) Everard
0%
(Last Name Only) Fawcett
0%
(Last Name Only) Fergus
0%
Delacour FleurGabrielle Madame Apolline Monsieur ?
0%
Hooper Geoffrey
0%
(Last Name Only) Gibbon
0%
Wimple Gilbert
0%
Gudgeon Gladys
0%
(Last Name Only) Golgomath
0%
(Last Name Only) Gordon
0%
A goblin Gornuk
0%
Pritchard Graham
0%
A giant, Hagrid's brother Grawp
0%
Jones GwenogHestia
0%
(First Name Only) Harper
0%
Mostafa Hassan
0%
Ravelclaw HelenaRowena
0%
Title is _______ of Woodcroft Hengist
0%
Smith HepzibahZacharias
0%
Chorley Herbert
0%
Smethwyck Hippocrates
0%
Title is The Great ________ Humberto
0%
Imago Inigo
0%
Pince Irma
0%
(Last Name Only) Ivanova
0%
Dillonsby Ivor
0%
Sloper Jack
0%
(Last Name Only) Jugson
0%
A giant Karkus
0%
Towler Kenneth
0%
(Last Name Only) Kettleburn
0%
(First Name Only) | Whitby Kevin
0%
Zamojski Ladislaw
0%
(Last Name Only) Lancelot
0%
(Last Name Only) Levski
0%
Borage Libatius
0%
(Last Name Only) Liechtenstein
0%
Turpin Lisa
0%
Scamander LorcanLysander Newt Rolf
0%
(Last Name Only) Macnair
0%
Owner of the Three Broomsticks Madam Rosmerta
0%
Hopkirk Malfalda
0%
(Last Name Only) Marius
0%
(Last Name Only) Martha
0%
Gaunt MarvoloMerope Morfin
0%
(Last Name Only) Merlin
0%
Goshawk Miranda
0%
Strout Miriam
0%
Wilkins MonicaWendell
0%
(Last Name Only) Montague
0%
MacDougal Morag
0%
(Last Name Only) Moran
0%
Belcher Mubphrey
0%
He is kind of in charge of the Muggles Muggle Prime Minister
0%
(Last Name Only) Mulciber
0%
(Last Name Only) Mullet
0%
(Last Name Only) Nettles
0%
Flames NicolasPerenelle
0%
(Last Name Only) Nott
0%
Pepper Octavius
0%
(Last Name Only) Odo
0%
Quirke Orla
0%
Cauldwell Owen
0%
(Last Name Only) Paracelsus
0%
Stimpson Patricia
0%
(Last Name Only) Payne
0%
Spore Phyllida
0%
Polkis Piers
0%
Thicknesse Pius
0%
(Last Name Only) Prod
0%
(Last Name Only) Ptolemy
0%
Trimble Quentin
0%
(Last Name Only) Quigley
0%
Quirrell Quirinus
0%
Skeeter Rita
0%
Hooch Rolanda
0%
Zeller Rose
0%
Brookstanton Rupert
0%
Slytherin Salazar
0%
(Last Name Only) Sanguini
0%
(Last Name Only) Scabior
0%
(Last Name Only) Selwyn
0%
(Last Name Only) Stebbins
0%
(Last Name Only) Tofty
0%
(Last Name Only) Travers
0%
Neville's toad Trevor
0%
(Last Name Only) Troy
0%
Title was ____ the Odball Uric
0%
Rackharow Urquhart
0%
(Last Name Only) Vaisey
0%
(Last Name Only) Verity
0%
Frobisher Vicky
0%
Viridian Vindictus
0%
(Last Name Only) Volkov
0%
(Last Name Only) Vulchanov
0%
(Last Name Only) Wakanda
0%
(Last Name Only) Warrington
0%
Slinkard Wilbert
0%
Grubbly-Plank Wilhelmina
0%
Widdershin Willy
0%
(Last Name Only) Yvonne
0%
(Last Name Only) Zograf
0%
(Last Name Only) Zonko
0%
No matching quizzes found
Score Distribution
Percent of People with Each Score
Percentile by Number Answered
Your Score History
You have not taken this quiz